1747 1710 1567 1236 1840 1476 1228 1548 1243 1799 1549 1689 1768 1694 1843 1402 1915 1807 1762 1908 1230 1613 1765 1587 1257 1177 1352 1870 1801 1775 1410 1232 1289 1806 1083 1653 1098 1773 1427 1871 1745 1492 1914 1217 1924 1358 1168 1659 1630 1509 1178 1026 1429 1140 1158 1541 1058 1000 1394 1687 1210 1652 1635 1837 1776 1977 1509 1230 1802 1794 1381 1864 1368 1412 1083 1080 1143 1672 1043 1041 1855 1773 1021 1300 1374 1784 1429 1195 1513 1559 1706 1890 1372 1627 1069 1234 1687 1287 1010 BCNSPRNW ULIB Ver.6.0+V

เปลี่ยนเป็นภาษาไทย

Change to English
 แสดงรายละเอียดบรรณานุกรม
  กลับหน้าหลัก

Brief Record : Get Marc (ISO 2709) : E-mail record : QR code < ปิดหน้าต่าง
LEADER : 00000nam 2200000uu 4500
001    13399120290
003     ULIB
008    120918s2552||||th 000 0 tha d
020    ^a9789741111166ล.2
060 04 ^aWY159^bต367 2552 ล. 2
245 00 ^aตำราการพยาบาลเด็ก เล่ม 2 /^cโดยคณาจารย์ภาควิชาการพยาบาลกุมารเวชศาสตร์ คณะพยาบาลศาสตร์ มหาวิทยาลัยมหิดล ; บุญเพียร จันทวัฒนา ... [และคนอื่นๆ]
250    ^aพิมพ์ครั้งที่ 1 (ฉบับปรับปรุงครั้งที่ 1)
260    ^aกรุงเทพฯ :^bภาควิชาการพยาบาลกุมารเวชศาสตร์ คณะพยาบาลศาสตร์มหาวิทยาลัยมหิดล,^c2552
300    ^a2 เล่ม. 633หน้า :^bภาพประกอบ ;^c30 ซม.
650  7 ^aการพยาบาลกุมารเวชศาสตร์
650  7 ^aการพยาบาลเด็ก
700 0  ^aบุญเพียร จันทวัฒนา,^eบรรณาธิการ
710 2  ^aมหาวิทยาลัยมหิดล. ^bคณะพยาบาลศาสตร์.^bภาควิชาการพยาบาลกุมารเวชศาสตร์
945    ^p800^l0^i15874
945    ^p800^l0^i15786
945    ^p800^l0^i15787
945    ^p800^l0^i15873
995    ^aวิภา
999 ^a ใช้งานได้ทุกระบบ
รายการนี้ยังไม่มีแท็ก
คุณยังไม่ได้ล็อกอิน คุณสามารถมีกิจกรรมร่วมกับเว็บไซต์ได้ แต่ต้องล็อกอินก่อน ::
  ล็อกอิน

รายการสื่อสารสนเทศ

ลำดับที่ ประเภท เลขเรียก/บาร์โค้ด สถานที่ สถานะ
- ไม่พบข้อมูล -

รายการใกล้เคียง
    หัวเรื่อง [การพยาบาลกุมารเวชศาสตร์]
    หัวเรื่อง [การพยาบาลเด็ก]

BibComment


ยังไม่เคยถูกคอมเมนท์

คอมเมนท์ทรัพยากรรายการนี้
  คอมเมนท์: ตำราการพยาบาลเด็..


 Copyright 2026. Bcnsprnw @Library